The Simpsons Characters by Number of Lines - Statistics

General Stats
  • This quiz has been taken 43 times
  • The average score is 14 of 50
Answer Stats
Lines Character % Correct
13,777 Bart Simpson
100%
29,842 Homer Simpson
100%
14,159 Marge Simpson
100%
11,502 Lisa Simpson
97%
2,145 Ned Flanders
70%
3,172 Mr. Burns
59%
1,006 Apu Nahasapeemapetilon
49%
1,772 Krusty the Clown
46%
1,836 Chief Wiggum
41%
1,862 Milhouse Van Houten
41%
576 Sideshow Bob
41%
2,443 Principal Skinner
38%
508 Ralph Wiggum
35%
612 Barney Gumble
32%
883 Carl Carlson
32%
1,001 Waylon Smithers
32%
1,174 Nelson Muntz
30%
612 Selma Bouvier
30%
1,166 Lenny Leonard
27%
479 Patty Bouvier
27%
200 Todd Flanders
27%
479 Comic Book Guy
19%
894 Kent Brockman
19%
242 Kirk Van Houten
19%
2,864 Moe Szyslak
19%
352 Sideshow Mel
19%
351 Lou
16%
745 Mrs. Krabappel
16%
424 Otto Man
16%
562 Reverend Lovejoy
16%
244 Snake
16%
526 Superintendent Chalmers
16%
280 Fat Tony
14%
534 Groundskeeper Willie
14%
503 Mayor Quimby
14%
357 Jimbo Jones
11%
409 Martin Prince
11%
341 Professor Frink
11%
1,886 Grampa Simpson
8%
280 Kearney Zzyzwicz
8%
163 Lionel Hutz
8%
160 Miss Hoover
8%
264 Agnes Skinner
5%
231 Cletus Spuckler
5%
201 Dolph
5%
693 Dr. Julius Hibbert
5%
387 Announcer
0%
177 Audience
0%
540 Crowd
0%
366 Kids
0%
No matching quizzes found
Score Distribution
Percent of People with Each Score
Percentile by Number Answered
Your Score History
You have not taken this quiz